000 00581nam a22001817a 4500
005 20170822143156.0
010 _aENG-119944
020 _a9789381011650-x
_c120.00
035 _aEN-103476
037 _bDBAB/PUB
082 _a253.5
100 _aNaismith, Archibald
245 _aPen pictures of the early church leaders /
_cby Archibald Naismith
260 _aChennai
_bMoriah Ministeries
_c2015
270 _aNo. 31/33, Water Tank Road, MMDA Colony Arumbakkam,
_bChennai
_e600106
300 _axvi,175p. :
_c22cm(pbk)
_bill.
942 _2ddc
_cEN
_h253.5
_mNAI
999 _c143647
_d143647